Vista normal
Vista MARC
Entrada Topical Term
Número de registros utilizados en: 1
001 - CONTROL NUMBER
- control field: 41364
003 - CONTROL NUMBER IDENTIFIER
- control field: OSt
005 - DATE AND TIME OF LATEST TRANSACTION
- control field: 20211029172220.0
008 - FIXED-LENGTH DATA ELEMENTS
- fixed length control field: 211029|| aca||aabn | a|a d
040 ## - CATALOGING SOURCE
- Original cataloging agency: OSt
- Transcribing agency: OSt
150 ## - HEADING--TOPICAL TERM
- Topical term or geographic name entry element: Crisis global financiera
- Chronological subdivision: 2008-2009
670 ## - SOURCE DATA FOUND
- Source citation: Work cat.: (OSt)8696: Hein, Eckhard, 18018 autor, The macroeconomics of Finance-dominated capitalism and its crisis / , 2012